000 02271nas a2200277Ia 4500
001 R262-R4725
003 IT-CnALBA
008 170116c99999999xx |||||||||||| ||und||
040 _aIT-CnALBA
_cIT-CnALBA
041 _aITALIANO
100 _aROBERTI VITO
210 _aJESUS
222 _aJESUS
245 0 _aJESUS. CULTURA E ATTUALITÀ CRISTIANA. FEBBRAIO 1997.
250 _a1a ed.
260 _aCINISELLO BALSAMO (MI)
_bEDIZIONI PAOLINE
_c1997 [1° Ed.:1997 - Ed.Ling.Originale: 1997]
300 _a130 p.
310 _aMENSILE
362 _aFascicolo: 2 / Anno: 19 (1997)
500 _aDROGA. SCELTA DELLA VITA. DOSSIER SULLA CATECHESI. RINNOVAMENTO DELLA CATECHESI. MENO CATECHISMI, PIÙ VITA CRISTIANA. IL PERCHÈ DELLA SCOMUNICA DEL TEOLOGO SENEGALESE BALASURIYA. AMORE E RISPETTO AI DROGATI. DE PAOLI M. AUSTRIA. ULTIMA OCCASIONE. PISCIANDARO V. SVEZIA NORVEGIA. CRISTIANI DI FRONTIERA, VALLE A.C. CASO BALASURIYA IL FILO SPEZZATO. ZAGO M. FERRO'' G. STATI UNITI. LA CHIESA IN PERICOLO LODOLINI L. SILENZIO VIRTÙ DI MARIA. MESSORI V. S. PIETRO DI BOLOGNA, CATTEDRALE RINNOVATA. SALERNO R. QUM, VATICANO DELLO ISLAM. OMETTO F. GIOVANI INCOMPIUTI DI BEFFA C. RUBRICHE. L'AVVENIMENTO. IL GRANDE CODICE DI RAVASI G.F. MORALE E COSCIENZA, PIANA G. MARTA E MARIA. ZAMBONINI F. BIBLIOTECA AMBROSIANA DI PATRUNO E.
501 _aSocietà San Paolo EM - Piazza San Paolo, 14 - 12051 ALBA (CN) (non commercial uses only) ® Copyright 2017
520 _aDROGA. SCELTA DELLA VITA. DOSSIER SULLA CATECHESI. RINNOVAMENTO DELLA CATECHESI. MENO CATECHISMI, PIÙ VITA CRISTIANA. IL PERCHÈ DELLA SCOMUNICA DEL TEOLOGO SENEGALESE BALASURIYA. AMORE E RISPETTO AI DROGATI. DE PAOLI M. AUSTRIA. ULTIMA OCCASIONE. PISCIANDARO V. SVEZIA NORVEGIA. CRISTIANI DI FRONTIERA, VALLE A.C. CASO BALASURIYA IL FILO SPEZZATO. ZAGO M. FERRO'' G. STATI UNITI. LA CHIESA IN PERICOLO LODOLINI L. SILENZIO VIRTÙ DI MARIA. MESSORI V. S. PIETRO DI BOLOGNA, CATTEDRALE RINNOVATA. SALERNO R. QUM, VATICANO DELLO ISLAM. OMETTO F. GIOVANI INCOMPIUTI DI BEFFA C. RUBRICHE. L'AVVENIMENTO. IL GRANDE CODICE DI RAVASI G.F. MORALE E COSCIENZA, PIANA G. MARTA E MARIA. ZAMBONINI F. BIBLIOTECA AMBROSIANA DI PATRUNO E.
650 _aSCIENZE UMANE E RELIGIOSE
942 _cCR
957 _71
999 _a45414
_bNO
_g1
_c323171
_d323171